• 首页
  • 本馆介绍
  • 公告通知
  • 最新文献
  • 馆藏检索
  • 电子资源
  • 读者导购
  • 参考咨询
  • 我的图书馆
  • 登录
  • 详细信息显示
  • 放入我的书架
  • 预约/预借图书
  • 作者相关作品
  • 分类相关作品
  • 丛书相关作品
  • 出版社相关作品

书目信息

  • 表格格式
  • 工作单格式
  • 卡片格式
题名:
从零开始
    
 
作者: 张蜜蜜 编著
分册:  
出版信息: 北京   人民邮电出版社  2021.7
页数: 184页
开本: 26cm
丛书名:
单 册:
中图分类: J613.2
科图分类:
主题词: 五线谱--基本知识 , 基本乐理
电子资源:
ISBN: 978-7-115-40555-5
000 00922nam0 2200289 45
001 012001001804
005 20141011144703.0
010    @a978-7-115-40555-5@dCNY36.00
090    @aJ613@bzmm
096    @aJ613@bzmm
100    @a20151203d2015 em y0chiy50 ea
101 0  @achi
102    @aCN@b110000
105    @aa z 000yy
106    @ar
200 1  @a从零开始@Acong ling kai shi@b专著@e学习五线谱和乐理知识@f张蜜蜜编著
210    @a北京@c人民邮电出版社@d2021.7
215    @a184页@c图@d26cm
300    @a其他题名:学习五线谱和乐理知识
330    @a本书将音符、拍子、音程、和弦及常用记号,融入各种调号与调式之中,系统通俗地讲授五线谱的知识。
517 1  @a学习五线谱和乐理知识@Axue xi wu xian pu he yue li zhi shi
606 0  @a五线谱@x基本知识
606 0  @a基本乐理
690    @aJ613.2@v5
701  0 @a张蜜蜜@Azhang mi mi@4编著
801  2 @aCN@b江苏凤凰@c20211018
905    @b1345783-6@dJ613.2@e1384@f4
    
    从零开始:学习五线谱和乐理知识/张蜜蜜编著.-北京:人民邮电出版社,2021.7
    184页:图;26cm
    其他题名:学习五线谱和乐理知识
    
    ISBN 978-7-115-40555-5:CNY36.00
    本书将音符、拍子、音程、和弦及常用记号,融入各种调号与调式之中,系统通俗地讲授五线谱的知识。
●
相关链接 在E读中查询图书 在五车中查询图书 在当当中查询图书 在豆瓣中查询图书


正题名:从零开始     索取号:J613.2/1384         预约/预借

序号 登录号 条形码 馆藏地/架位号 状态 备注
1 1345783   213457837   第一样本阅览室/ [索取号:J613.2/1384] 在馆    
2 1345784   213457846   第一借阅区/ [索取号:J613.2/1384] 在馆    
3 1345785   213457855   第一借阅区/ [索取号:J613.2/1384] 在馆    
4 1345786   213457864   第一借阅区/ [索取号:J613.2/1384] 已借出,限还日期为2025.10.29
借出人:邸淑红  
 
欢迎您!
大连网信软件有限公司© 版权所有